000 00505nam a22001697a 4500
999 _c40711
_d40711
003 OSt
005 20200606120126.0
008 191030b ||||| |||| 00| 0 eng d
020 _a9788188991259
040 _cMESKC library
082 _a891.4335
_bPRE/Y
100 0 _aPremacanda,
_956
_d1881-1936
245 _aYah Meri Mathrubhoomi Hai/
_cPremchand
260 _aNew Delhi:
_bChildren Book Society,
_c2011
300 _a160p
942 _2ddc
_cBK
_h891.4335
_iPRE/Y
_k891.4335
_mPRE/Y